[Event "36th Reykjavik op"]
[Site "Reykjavik ISL"]
[Date "2023.04.02"]
[Round "7.1"]
[White "Lagarde, Maxime"]
[Black "Gupta, Abhijeet"]
[WhiteElo "2581"]
[BlackElo "2620"]
[Result "1/2-1/2"]
[EventDate "2023.03.29"]
[PlyCount "122"]

1. e4 e5 2. Nf3 Nc6 3. Bb5 a6 4. Ba4 Nf6 5. Nc3 Bc5 6. d3 d6 7. a3 h6 8. Be3 Bxe3
9. fxe3 O-O 10. O-O Be6 11. Bxc6 bxc6 12. d4 exd4 13. exd4 c5 14. dxc5 dxc5 15. Qxd8
Rfxd8 16. Rfd1 c4 17. h3 Rxd1+ 18. Rxd1 Rb8 19. Rb1 c5 20. Kf2 Nd7 21. Ke3 Kf8 22.
Nd2 Ke7 23. b4 cxb3 24. Nxb3 g5 25. Nd5+ Bxd5 26. exd5 Kd6 27. Rf1 f6 28. Nd2 Kxd5
29. Ne4 Re8 30. Rd1+ Kc6 31. Rd6+ Kc7 32. Rd5 Re6 33. Kd3 Re5 34. Nxf6 Rxd5+ 35.
Nxd5+ Kd6 36. Ke4 Ne5 37. Ne3 Ke6 38. g4 Nd7 39. Nf5 Nf6+ 40. Kd3 Kd5 41. Nxh6 Ne4
42. Ke2 Kd4 43. Nf7 a5 44. Nd8 Kd5 45. Ke3 Nd6 46. Kd3 a4 47. Ke3 Nc4+ 48. Kd3 Nxa3
49. Nf7 c4+ 50. Kc3 Nb5+ 51. Kb2 c3+ 52. Kb1 Na3+ 53. Kc1 Nc4 54. Kb1 Ne3 55. Nxg5
a3 56. Ka2 Nxc2 57. Kb3 Kd4 58. Ne6+ Ke3 59. Nc5 a2 60. Kxa2 Nd4 61. Kb1 Kf4  1/2-1/2

[Event "36th Reykjavik op"]
[Site "Reykjavik ISL"]
[Date "2023.04.02"]
[Round "7.2"]
[White "Pranav, V"]
[Black "Ivanchuk, Vasyl"]
[WhiteElo "2545"]
[BlackElo "2664"]
[Result "1/2-1/2"]
[EventDate "2023.03.29"]
[PlyCount "53"]

1. e4 c5 2. Nf3 Nc6 3. Bb5 d6 4. O-O Bd7 5. c3 a6 6. Ba4 Nf6 7. Re1 b5 8. Bc2 Bg4
9. d3 e6 10. Nbd2 Nd7 11. h3 Bh5 12. Nf1 Be7 13. Ng3 Bg6 14. d4 cxd4 15. cxd4 O-O
16. d5 exd5 17. exd5 Bxc2 18. Qxc2 Nce5 19. Nxe5 Nxe5 20. Bf4 Rc8 21. Qe2 Re8 22.
Bxe5 Bf8 23. Bf6 Rxe2 24. Bxd8 Rxe1+ 25. Rxe1 Rxd8 26. Rc1 Re8 27. Rc6  1/2-1/2

[Event "36th Reykjavik op"]
[Site "Reykjavik ISL"]
[Date "2023.04.02"]
[Round "7.3"]
[White "Yilmaz, Mustafa"]
[Black "Mons, Leon"]
[WhiteElo "2629"]
[BlackElo "2514"]
[Result "1-0"]
[EventDate "2023.03.29"]
[PlyCount "87"]

1. d4 Nf6 2. c4 e6 3. Nf3 d5 4. Nc3 h6 5. cxd5 exd5 6. Bf4 c6 7. Qc2 g6 8. e3 Bf5
9. Bd3 Bxd3 10. Qxd3 Bg7 11. h3 O-O 12. O-O Nbd7 13. Rfc1 Qe7 14. Nd2 Rfd8 15. b4
Nf8 16. Qb1 Ne6 17. Bg3 Rac8 18. a4 b6 19. Ra2 c5 20. Rac2 c4 21. b5 Bf8 22. Ra2
Qb7 23. Qb2 Bd6 24. Bxd6 Rxd6 25. a5 Ng5 26. axb6 axb6 27. f3 Qe7 28. Nf1 Re6 29.
Qf2 Rd8 30. Rca1 Qb4 31. Qb2 Qd6 32. Ra7 Ree8 33. R1a6 Rb8 34. Qa3 Qd8 35. Na2 Qc8
36. Nb4 Nxf3+ 37. gxf3 Qxh3 38. Qb2 Qxf3 39. Qf2 Qg4+ 40. Qg2 Qh5 41. Nc6 Re4 42.
Ne5 Nh7 43. Ra1 Qh4 44. Nxg6  1-0

[Event "36th Reykjavik op"]
[Site "Reykjavik ISL"]
[Date "2023.04.02"]
[Round "7.4"]
[White "Can, Emre"]
[Black "Wadsworth, Matthew"]
[WhiteElo "2600"]
[BlackElo "2439"]
[Result "1/2-1/2"]
[EventDate "2023.03.29"]
[PlyCount "47"]

1. e4 e6 2. d4 d5 3. Nc3 Nf6 4. Bg5 dxe4 5. Nxe4 Nbd7 6. Nf3 h6 7. Bxf6 Nxf6 8. Bd3
Nxe4 9. Bxe4 c5 10. Qe2 Qa5+ 11. c3 cxd4 12. Nxd4 Be7 13. h4 O-O 14. O-O-O e5 15.
Nf5 Bxf5 16. Bxf5 Rad8 17. Kb1 Rxd1+ 18. Qxd1 Rd8 19. Qf3 Qb6 20. Qe2 a5 21. Bc2
Ba3 22. Bb3 Qg6+ 23. Bc2 Qb6 24. Bb3  1/2-1/2

[Event "36th Reykjavik op"]
[Site "Reykjavik ISL"]
[Date "2023.04.02"]
[Round "7.5"]
[White "Yankelevich, Lev"]
[Black "Grandelius, Nils"]
[WhiteElo "2459"]
[BlackElo "2658"]
[Result "0-1"]
[EventDate "2023.03.29"]
[PlyCount "108"]

1. d4 d5 2. c4 c6 3. cxd5 cxd5 4. Bf4 Nc6 5. e3 Nf6 6. Nc3 Bg4 7. Qb3 Na5 8. Qa4+
Bd7 9. Bb5 e6 10. Nf3 a6 11. Bxd7+ Nxd7 12. O-O Be7 13. Rfc1 Nc6 14. Qb3 Nb6 15.
Ne5 Nxe5 16. Bxe5 O-O 17. Na4 Nxa4 18. Qxa4 Rc8 19. Rxc8 Qxc8 20. Qd1 Qd7 21. Rc1
Rc8 22. Rc2 f6 23. Bg3 Rc4 24. b3 Rc6 25. f3 Bb4 26. Rxc6 Qxc6 27. Kf1 h5 28. Be1
Bxe1 29. Kxe1 Qc3+ 30. Qd2 Qa1+ 31. Kf2 Qb1 32. Qc3 Qxa2+ 33. Kg3 Kh7 34. Qc8 Qxb3
35. Qxe6 Qb5 36. Qf5+ Kg8 37. Qxh5 Qc6 38. Qf5 a5 39. e4 dxe4 40. Qxa5 Qd6+ 41. f4
Qxd4 42. Qa8+ Kh7 43. Qxb7 Qe3+ 44. Kg4 Qe2+ 45. Kg3 f5 46. h3 Qe3+ 47. Kh2 Qxf4+
48. Kg1 Qe5 49. Qf7 f4 50. Kf2 e3+ 51. Ke2 Qb5+ 52. Kf3 Qf1+ 53. Ke4 Qxg2+ 54. Kd4
Qg5  0-1

[Event "36th Reykjavik op"]
[Site "Reykjavik ISL"]
[Date "2023.04.02"]
[Round "7.6"]
[White "Ioannidis, Evgenios"]
[Black "Tari, Aryan"]
[WhiteElo "2473"]
[BlackElo "2649"]
[Result "1/2-1/2"]
[EventDate "2023.03.29"]
[PlyCount "44"]

1. d4 d5 2. c4 e6 3. Nc3 Bb4 4. a3 Bxc3+ 5. bxc3 Nf6 6. e3 c6 7. a4 O-O 8. Ba3 Re8
9. Nf3 Qc7 10. Be2 b6 11. Rc1 Ba6 12. cxd5 Bxe2 13. Qxe2 cxd5 14. O-O Qd7 15. Qb5
Qxb5 16. axb5 a6 17. bxa6 Rxa6 18. Bd6 Ne4 19. Bxb8 Rxb8 20. c4 f6 21. cxd5 exd5
22. Rc2 Kf8  1/2-1/2

[Event "36th Reykjavik op"]
[Site "Reykjavik ISL"]
[Date "2023.04.02"]
[Round "7.7"]
[White "Kjartansson, Gudmundur"]
[Black "Banusz, Tamas"]
[WhiteElo "2402"]
[BlackElo "2616"]
[Result "1/2-1/2"]
[EventDate "2023.03.29"]
[PlyCount "93"]

1. Nf3 d5 2. g3 Nf6 3. Bg2 e6 4. c4 Be7 5. d4 O-O 6. Nc3 c6 7. O-O a5 8. a4 Na6 9.
b3 Nb4 10. Ne5 Nd7 11. Nxd7 Qxd7 12. e4 dxc4 13. bxc4 b6 14. Be3 Ba6 15. Qb3 e5 16.
d5 cxd5 17. Nxd5 Nxd5 18. exd5 Rab8 19. f4 exf4 20. Rxf4 Bd6 21. Rh4 Rfe8 22. Kh1
Bc5 23. Bf4 Rbc8 24. Qd3 g6 25. Bg5 Be7 26. Bxe7 Rxe7 27. Bh3 f5 28. Bg2 Rce8 29.
d6 Re1+ 30. Rxe1 Rxe1+ 31. Bf1 Rxf1+ 32. Qxf1 Bb7+ 33. Kg1 Qxd6 34. Qe2 Qc5+ 35.
Kf1 Be4 36. Rxe4 fxe4 37. Qxe4 Kf7 38. Kg2 Kf6 39. h4 Qd6 40. Qf3+ Ke6 41. Qe4+ Kd7
42. Qb7+ Qc7 43. Qd5+ Qd6 44. Qb7+ Qc7 45. Qd5+ Ke7 46. Qe4+ Kd6 47. Qd5+  1/2-1/2

[Event "36th Reykjavik op"]
[Site "Reykjavik ISL"]
[Date "2023.04.02"]
[Round "7.8"]
[White "Fitzsimons, David"]
[Black "Fier, Alexandr"]
[WhiteElo "2338"]
[BlackElo "2606"]
[Result "1/2-1/2"]
[EventDate "2023.03.29"]
[PlyCount "90"]

1. e4 c5 2. c3 d5 3. exd5 Nf6 4. Qa4+ Nbd7 5. c4 b5 6. Qxb5 Rb8 7. Qa4 g6 8. Nf3
Bg7 9. Nc3 O-O 10. Be2 e6 11. dxe6 fxe6 12. d3 Bb7 13. Qc2 Ng4 14. Bg5 Qc7 15. Nb5
Qb6 16. Be7 Rxf3 17. gxf3 Nge5 18. Rg1 a6 19. Nc3 Nc6 20. Bg5 Nd4 21. Qd2 Ne5 22.
Rg3 Nexf3+ 23. Bxf3 Nxf3+ 24. Rxf3 Bxf3 25. Rb1 Rf8 26. Bh6 Qd6 27. Bxg7 Kxg7 28.
Qe3 Qxh2 29. Kd2 h5 30. b4 h4 31. bxc5 h3 32. Nd5 Rf7 33. Qxe6 Qxf2+ 34. Kc3 Qg3
35. c6 h2 36. Rb7 Rxb7 37. cxb7 h1=Q 38. Qe7+ Kh6 39. Qf8+ Kh5 40. Qh8+ Kg5 41. Qf6+
Kh5 42. Qh8+ Kg4 43. Ne3+ Kg5 44. Qd8+ Kh5 45. Qh8+ Kg5  1/2-1/2

[Event "36th Reykjavik op"]
[Site "Reykjavik ISL"]
[Date "2023.04.02"]
[Round "7.9"]
[White "Cornette, Matthieu"]
[Black "Richter, Michael"]
[WhiteElo "2563"]
[BlackElo "2466"]
[Result "1-0"]
[EventDate "2023.03.29"]
[PlyCount "47"]

1. e4 e6 2. d4 d5 3. Nd2 Be7 4. Ngf3 Nf6 5. e5 Nfd7 6. Bd3 c5 7. c3 Nc6 8. O-O a5
9. a4 b6 10. Nb1 Ba6 11. Bxa6 Rxa6 12. Na3 O-O 13. Bf4 Ra8 14. Re1 cxd4 15. cxd4
Qb8 16. Ng5 Rc8 17. Re3 Nf8 18. Nb5 Nb4 19. Rh3 Bxg5 20. Bxg5 Rc2 21. Rb1 Rc6 22.
Rg3 Qb7 23. h4 Qd7 24. h5  1-0

[Event "36th Reykjavik op"]
[Site "Reykjavik ISL"]
[Date "2023.04.02"]
[Round "7.10"]
[White "Papp, Gabor"]
[Black "Korley, Kassa"]
[WhiteElo "2544"]
[BlackElo "2468"]
[Result "1-0"]
[EventDate "2023.03.29"]
[PlyCount "145"]

1. e4 e5 2. Nf3 Nf6 3. Nxe5 d6 4. Nf3 Nxe4 5. d4 d5 6. Bd3 Bf5 7. O-O Be7 8. Ne5
Nd7 9. Nc3 Nxe5 10. dxe5 Qd7 11. Qf3 Bg4 12. e6 Bxe6 13. Nxe4 dxe4 14. Bxe4 c6 15.
Rd1 Qc8 16. Bd2 O-O 17. Bc3 Rd8 18. Qg3 Bf8 19. h3 h6 20. a4 Rxd1+ 21. Rxd1 Qe8 22.
Qe3 Qe7 23. Kh1 a6 24. Bd3 Bd5 25. Qxe7 Bxe7 26. f3 a5 27. Be5 h5 28. f4 h4 29. c4
Be6 30. f5 Bd7 31. Be4 Be8 32. f6 Bxf6 33. Bxf6 gxf6 34. c5 b6 35. cxb6 Rb8 36. b4
Rxb6 37. bxa5 Ra6 38. Bf3 Kf8 39. Rd4 Rxa5 40. Rxh4 c5 41. Bd1 Bd7 42. Kg1 Be6 43.
Kf2 Ke7 44. Ke3 Kd6 45. Rf4 f5 46. h4 Ke5 47. h5 Kf6 48. h6 Kg6 49. Rh4 Kh7 50. Bc2
Kh8 51. Kd2 Ra8 52. h7 c4 53. Kc3 Ra7 54. g3 Ra8 55. Rh1 Ra7 56. Ra1 Kxh7 57. g4
Kg7 58. gxf5 Bd5 59. a5 Kf6 60. Kd4 Bb7 61. Kxc4 Ba6+ 62. Kd5 Rc7 63. Be4 Re7 64.
Kd4 Rd7+ 65. Kc5 Re7 66. Ra4 Re5+ 67. Kb6 Bf1 68. a6 Rxe4 69. Rxe4 Bxa6 70. Kxa6
Kxf5 71. Re1 Kg4 72. Kb5 f5 73. Kc4  1-0

[Event "36th Reykjavik op"]
[Site "Reykjavik ISL"]
[Date "2023.04.02"]
[Round "7.11"]
[White "Jacobson, Brandon"]
[Black "Loiseau, Quentin"]
[WhiteElo "2543"]
[BlackElo "2449"]
[Result "0-1"]
[EventDate "2023.03.29"]
[PlyCount "78"]

1. c4 e6 2. g3 d5 3. Bg2 dxc4 4. Qa4+ Nd7 5. Qxc4 Rb8 6. Nf3 b5 7. Qc2 c5 8. d3 Bb7
9. O-O Ngf6 10. a4 a6 11. Nc3 Qb6 12. axb5 axb5 13. Be3 Bd6 14. h3 O-O 15. b4 Rfc8
16. Rfc1 Qd8 17. bxc5 Bxc5 18. Bxc5 Nxc5 19. Rab1 Bxf3 20. Bxf3 b4 21. Nd1 b3 22.
Qd2 Na4 23. Bc6 Nb6 24. Bb5 Qd5 25. Rxc8+ Rxc8 26. Nc3 Qh5 27. Kg2 Nbd5 28. Bc4 Nxc3
29. Qxc3 Qxe2 30. Rxb3 h5 31. Rb2 Qd1 32. Qa5 Qc1 33. Rb7 h4 34. Qa7 hxg3 35. Rxf7
gxf2 36. Rxg7+ Kh8 37. Kxf2 Qf4+ 38. Kg2 Rb8 39. Kh1 Rb1+  0-1

[Event "36th Reykjavik op"]
[Site "Reykjavik ISL"]
[Date "2023.04.02"]
[Round "7.12"]
[White "Maze, Sebastien"]
[Black "Dhulipalla, Bala Chandra Prasad"]
[WhiteElo "2542"]
[BlackElo "2441"]
[Result "1-0"]
[EventDate "2023.03.29"]
[PlyCount "139"]

1. e4 e5 2. Nf3 Nc6 3. Bc4 Nf6 4. d3 h6 5. O-O d6 6. a4 g6 7. a5 Bg7 8. a6 b6 9.
c3 O-O 10. Re1 Kh7 11. Nbd2 Be6 12. Bxe6 fxe6 13. Nf1 Nh5 14. g3 Qf6 15. Kg2 Rf7
16. h4 Raf8 17. N1h2 Qd8 18. b4 Nf6 19. Be3 Nh5 20. Ra2 d5 21. b5 Ne7 22. c4 c5 23.
Bc1 Qd6 24. Rae2 d4 25. Bd2 Qc7 26. Qc1 Ng8 27. Rh1 Ne7 28. Ng1 Qd6 29. Nh3 Qc7 30.
f3 Qd6 31. Rf2 Qd7 32. Ng4 Ng8 33. Rh2 Qd6 34. Qh1 Ne7 35. Rf1 Qc7 36. Rf2 Qd6 37.
Qc1 Ng8 38. Rh1 Qd7 39. Rg1 Qd6 40. Nh2 Qd8 41. Kf1 Qd6 42. Ke2 Qd8 43. Qf1 Qd7 44.
Kd1 Qd8 45. Kc2 Qd7 46. Qg2 Ne7 47. Ng4 Qd6 48. Rgf1 Qd8 49. Bxh6 Bxh6 50. Nxe5 Rg7
51. Ng5+ Bxg5 52. hxg5 Kg8 53. f4 Qc7 54. Qh3 Qd6 55. Nxg6 Nxg6 56. Qxh5 Qe7 57.
Rh2 Rff7 58. Rfh1 Rf8 59. Kb3 Qd7 60. Qg4 Kf7 61. Rh6 Ke8 62. Qh5 Qf7 63. Rf1 Rfg8
64. f5 exf5 65. exf5 Nf8 66. Qh1 Qc7 67. Qa8+ Qd8 68. Re1+ Re7 69. Rxe7+ Kxe7 70.
f6+  1-0

[Event "36th Reykjavik op"]
[Site "Reykjavik ISL"]
[Date "2023.04.02"]
[Round "7.13"]
[White "Kushko, Dmitriy"]
[Black "Dvirnyy, Danyyil"]
[WhiteElo "2379"]
[BlackElo "2531"]
[Result "1/2-1/2"]
[EventDate "2023.03.29"]
[PlyCount "63"]

1. g3 e5 2. Bg2 d5 3. d3 Nf6 4. Nf3 Bd6 5. O-O O-O 6. Nc3 Nc6 7. e4 dxe4 8. Nxe4
Bg4 9. h3 Bh5 10. c3 Be7 11. b4 a6 12. Bb2 Nxe4 13. dxe4 Qxd1 14. Rfxd1 Rfd8 15.
a3 f6 16. Kf1 Na7 17. Ke1 c5 18. Rxd8+ Rxd8 19. Rd1 a5 20. bxa5 Rb8 21. g4 Bf7 22.
Bf1 Nc6 23. Nh4 Nxa5 24. Nf5 Kf8 25. Rd7 Be6 26. Rc7 Bd8 27. Rxc5 b6 28. Rb5 g6 29.
Ne3 Bd7 30. Rd5 Bc6 31. Rd1 Bxe4 32. Rd7  1/2-1/2

[Event "36th Reykjavik op"]
[Site "Reykjavik ISL"]
[Date "2023.04.02"]
[Round "7.14"]
[White "Lie, Kjetil"]
[Black "Ramoutar, Alan-Safar"]
[WhiteElo "2515"]
[BlackElo "2425"]
[Result "1-0"]
[EventDate "2023.03.29"]
[PlyCount "99"]

1. e4 c6 2. d4 d5 3. exd5 cxd5 4. Bd3 Nf6 5. h3 g6 6. Nf3 Nc6 7. c3 Qc7 8. O-O Bf5
9. Re1 Bxd3 10. Qxd3 Bg7 11. Nbd2 O-O 12. Nb3 Ne4 13. Ng5 Nf6 14. Be3 Rfe8 15. Nf3
Ne4 16. Re2 Rad8 17. Rae1 e6 18. Nc1 Na5 19. Qd1 Nc4 20. Nd3 Nxe3 21. Rxe3 Nd6 22.
Nfe5 a5 23. h4 Nf5 24. Rh3 f6 25. Nf3 e5 26. g4 Nd6 27. dxe5 fxe5 28. Nfxe5 Nc4 29.
Nxc4 Rxe1+ 30. Nxe1 dxc4 31. Qe2 b5 32. Re3 Rf8 33. Re4 Qf7 34. Ng2 Qf3 35. Qxf3
Rxf3 36. Nf4 Bxc3 37. bxc3 Rxc3 38. Re5 Rc1+ 39. Kg2 Rb1 40. Rc5 a4 41. Ne2 Rb2 42.
Nd4 Rxa2 43. Nxb5 Rb2 44. Nd4 a3 45. Rxc4 a2 46. Ra4 Rb4 47. Ra8+ Kf7 48. Nf3 Rxg4+
49. Kh3 Rb4 50. Rxa2  1-0

[Event "36th Reykjavik op"]
[Site "Reykjavik ISL"]
[Date "2023.04.02"]
[Round "7.15"]
[White "Vignesh, N. R."]
[Black "Laddha, Shubh Jayesh"]
[WhiteElo "2513"]
[BlackElo "2422"]
[Result "1-0"]
[EventDate "2023.03.29"]
[PlyCount "87"]

1. Nf3 d5 2. g3 Nd7 3. d4 Nb6 4. Nc3 Bf5 5. a4 a5 6. Nh4 Bg4 7. h3 Bh5 8. Ng2 e6
9. Nf4 Bg6 10. Nxg6 hxg6 11. Bg2 Nf6 12. O-O Bb4 13. Qd3 O-O 14. Rd1 Qd7 15. b3 Bxc3
16. Qxc3 Nc8 17. Qd3 Nd6 18. Bf4 Nfe4 19. c4 f5 20. h4 c6 21. Rdb1 Qe7 22. Qe3 Rfe8
23. cxd5 cxd5 24. Rc1 b5 25. f3 Nf6 26. Rc6 Red8 27. axb5 Nxb5 28. Rxe6 Qf8 29. Be5
Re8 30. Bxf6 gxf6 31. Rxa5 Reb8 32. Rxa8 Rxa8 33. f4 Qd8 34. Rc6 Kf8 35. Kh2 Ra7
36. Qd3 Rb7 37. Rc5 Nc7 38. h5 Qe8 39. Qc2 Qd7 40. hxg6 Kg7 41. Bh3 Ne6 42. Bxf5
Nxd4 43. Bxd7 Nxc2 44. Bc6  1-0

[Event "36th Reykjavik op"]
[Site "Reykjavik ISL"]
[Date "2023.04.02"]
[Round "7.16"]
[White "Shyaamnikhil, P."]
[Black "Sidhant, Mohapatra"]
[WhiteElo "2477"]
[BlackElo "2376"]
[Result "1/2-1/2"]
[EventDate "2023.03.29"]
[PlyCount "54"]

1. e4 c5 2. Nf3 d6 3. Nc3 Nf6 4. e5 dxe5 5. Nxe5 a6 6. a4 Qc7 7. d4 e6 8. Be3 Be7
9. Nc4 O-O 10. Qf3 Nd5 11. Nxd5 exd5 12. Qxd5 Be6 13. Qe5 Qd8 14. dxc5 Nd7 15. Qh5
g6 16. Qf3 Bxc5 17. O-O-O Bxe3+ 18. Qxe3 Rc8 19. Rd4 Qc7 20. Qh6 Ne5 21. Ne3 Bb3
22. c3 Qa5 23. Nc2 Rfd8 24. Qd2 Nc6 25. Rxd8+ Rxd8 26. Qf4 Bxa4 27. Bc4 Ne5  1/2-1/2

[Event "36th Reykjavik op"]
[Site "Reykjavik ISL"]
[Date "2023.04.02"]
[Round "7.17"]
[White "Sahithi, Varshini M"]
[Black "Demuth, Adrien"]
[WhiteElo "2262"]
[BlackElo "2475"]
[Result "0-1"]
[EventDate "2023.03.29"]
[PlyCount "166"]

1. e4 c5 2. Nf3 d6 3. d4 cxd4 4. Nxd4 Nf6 5. Nc3 Nc6 6. Bc4 e6 7. Be3 a6 8. Bb3 Qc7
9. Qe2 Na5 10. a4 Be7 11. O-O O-O 12. Rfd1 Bd7 13. f3 Rac8 14. Qf2 Nc4 15. Bxc4 Qxc4
16. a5 e5 17. Nb3 Qc6 18. Nc1 h6 19. Nd3 Qc4 20. g4 Qe6 21. Nb4 Rxc3 22. bxc3 Rc8
23. Ra3 Nxe4 24. Qe1 Nf6 25. h3 Qc4 26. Bf2 Be6 27. Kg2 Nd5 28. Nxd5 Bxd5 29. Rb3
Bc6 30. Rb4 Qe6 31. Qe2 Qa2 32. Bb6 Bb5 33. Qd2 Bg5 34. Be3 Bxe3 35. Qxe3 Qxc2+ 36.
Rd2 Qxc3 37. Qxc3 Rxc3 38. f4 Bc6+ 39. Kh2 exf4 40. Rxf4 d5 41. Rff2 Rc5 42. Ra2
d4 43. Rad2 Rd5 44. Rf4 d3 45. Rf3 Bb5 46. Re3 Kf8 47. Kg3 f6 48. h4 Kf7 49. Re1
Rc5 50. Kf4 Rc3 51. Rb1 Rc4+ 52. Kg3 Rc5 53. h5 Ke6 54. Re1+ Kd6 55. Re4 Rg5 56.
Kf4 Kc5 57. Re7 Kb4 58. Rc7 Rd5 59. Ke3 Re5+ 60. Kf2 Rg5 61. Rb2+ Kxa5 62. Rxb7 Rxg4
63. Ke3 Rg5 64. Kd4 Rxh5 65. Rxg7 Rh4+ 66. Kc3 h5 67. Rg6 Rc4+ 68. Kd2 Rf4 69. Ke3
Rf5 70. Rh6 Re5+ 71. Kf3 Rf5+ 72. Ke4 Re5+ 73. Kf3 Rf5+ 74. Ke3 Ka4 75. Rh2 Kb3 76.
Kd2 Rc5 77. R2xh5 Rc2+ 78. Kd1 Rf2 79. Rc5 Kb4 80. Rd5 Kc3 81. Ke1 Re2+ 82. Kf1 d2
83. Rh3+ Re3+  0-1

[Event "36th Reykjavik op"]
[Site "Reykjavik ISL"]
[Date "2023.04.02"]
[Round "7.18"]
[White "Dziuba, Marcin"]
[Black "Karthik, Rajaa"]
[WhiteElo "2554"]
[BlackElo "2302"]
[Result "1-0"]
[EventDate "2023.03.29"]
[PlyCount "83"]

1. d4 Nf6 2. c4 e6 3. Nf3 Bb4+ 4. Bd2 Bxd2+ 5. Qxd2 d5 6. Nc3 O-O 7. e3 Qe7 8. Rd1
Rd8 9. Qc2 b6 10. cxd5 exd5 11. Be2 Bb7 12. O-O Nbd7 13. Qb3 a6 14. Rc1 Qd6 15. Rfd1
Re8 16. Bf1 Rab8 17. Ne2 c5 18. Qa3 Qc6 19. dxc5 bxc5 20. b4 c4 21. Nc3 Ne5 22. Nxe5
Rxe5 23. Rd4 Qe8 24. Rcd1 Qe6 25. Qc1 Bc6 26. a3 Ne4 27. g3 Nd6 28. Bg2 Nb5 29. R4d2
Rd8 30. Ne2 h5 31. Nf4 Qf5 32. h4 Nc7 33. Rd4 Rde8 34. e4 dxe4 35. Rxc4 Ba4 36. Rxc7
Bxd1 37. Qxd1 g6 38. Bh3 Qf6 39. Nd5 Qg7 40. Rc6 Kh8 41. Nf6 e3 42. Nxe8  1-0

[Event "36th Reykjavik op"]
[Site "Reykjavik ISL"]
[Date "2023.04.02"]
[Round "7.19"]
[White "Visakh, N. R."]
[Black "Kolbus, Dietmar"]
[WhiteElo "2538"]
[BlackElo "2273"]
[Result "1-0"]
[EventDate "2023.03.29"]
[PlyCount "99"]

1. d4 d5 2. c4 e6 3. Nc3 Nf6 4. Nf3 Be7 5. g3 O-O 6. Bg2 Ne4 7. O-O Nxc3 8. bxc3
c6 9. Qc2 Nd7 10. Re1 dxc4 11. a4 b6 12. Nd2 Bb7 13. Nxc4 Ba6 14. Ne3 Qc7 15. Rd1
Rac8 16. c4 Nf6 17. Bb2 Rfd8 18. Rac1 Qb8 19. f4 Bf8 20. Bf3 Re8 21. Kg2 Bb7 22.
Nf1 b5 23. c5 a5 24. e4 Ba6 25. Ra1 b4 26. Ne3 Qc7 27. Rac1 Qe7 28. Re1 g6 29. Be2
Bxe2 30. Rxe2 Bg7 31. Nc4 Ra8 32. Qd3 Qc7 33. Qf3 Red8 34. Rf1 Rab8 35. g4 Rd7 36.
Kh1 Rbd8 37. Nd6 Qa7 38. f5 exf5 39. gxf5 Qa6 40. d5 Rf8 41. Bxf6 Bxf6 42. e5 Bg7
43. f6 Bh6 44. e6 Rc7 45. e7 cxd5 46. e8=Q Rxc5 47. Nf5 gxf5 48. Qg2+ Kh8 49. Qxf8+
Bxf8 50. Qg7+  1-0

[Event "36th Reykjavik op"]
[Site "Reykjavik ISL"]
[Date "2023.04.02"]
[Round "7.20"]
[White "Papp, Sarah"]
[Black "Stefansson, Hannes"]
[WhiteElo "2288"]
[BlackElo "2510"]
[Result "0-1"]
[EventDate "2023.03.29"]
[PlyCount "84"]

1. e4 c5 2. Nf3 Nc6 3. Bb5 g6 4. Bxc6 bxc6 5. O-O Bg7 6. Re1 Qc7 7. h3 d6 8. c3 Nf6
9. e5 dxe5 10. Nxe5 Nd5 11. d4 O-O 12. Nd2 cxd4 13. cxd4 c5 14. Ndf3 Rd8 15. dxc5
Bf5 16. Qa4 Qxc5 17. Bd2 Nb6 18. Qb4 Rac8 19. Rac1 Qxb4 20. Bxb4 Nd5 21. Ba5 Rxc1
22. Rxc1 Rc8 23. Rxc8+ Bxc8 24. b3 Bb7 25. Nd3 Ba1 26. Nd2 f6 27. a4 Kf7 28. Nc4
Bd4 29. Bd2 Bc6 30. g3 e5 31. Kf1 g5 32. Bxg5 e4 33. Nd6+ Kg8 34. Nxe4 fxg5 35. Nxg5
Nc7 36. Ke2 Bd5 37. Nf3 Bc3 38. Nc1 Ne6 39. h4 Nc5 40. Nd2 a5 41. Na2 Bxd2 42. Kxd2
Bxb3  0-1

[Event "36th Reykjavik op"]
[Site "Reykjavik ISL"]
[Date "2023.04.02"]
[Round "7.21"]
[White "Jacobsen, Mikkel Manosri"]
[Black "Libiszewski, Fabien"]
[WhiteElo "2283"]
[BlackElo "2499"]
[Result "1/2-1/2"]
[EventDate "2023.03.29"]
[PlyCount "90"]

1. c4 g6 2. g3 Bg7 3. Bg2 c5 4. Nc3 Nc6 5. e3 d6 6. Nge2 h5 7. h3 e5 8. a3 Nge7 9.
Rb1 a5 10. d3 Rb8 11. Nb5 O-O 12. Nec3 f5 13. O-O Be6 14. Nd5 Bf7 15. Bd2 g5 16.
b4 axb4 17. axb4 Nxd5 18. Bxd5 g4 19. hxg4 fxg4 20. Be4 Be6 21. Qe2 Qe7 22. bxc5
dxc5 23. Nc3 Nb4 24. Nd5 Nxd5 25. cxd5 Bf7 26. Bg2 b5 27. e4 Rfc8 28. Be3 Qd6 29.
f3 gxf3 30. Rxf3 Bg6 31. Bh3 Rf8 32. Be6+ Kh7 33. Rf5 Bh6 34. Bxh6 Kxh6 35. Rxf8
Qxf8 36. Qe3+ Kh7 37. Ra1 Rb7 38. Qg5 Qh6 39. Bg8+ Kg7 40. Qxe5+ Kxg8 41. Ra8+ Kf7
42. Qe6+ Kg7 43. Qe5+ Kf7 44. Qe6+ Kg7 45. Qe5+ Kf7  1/2-1/2

[Event "36th Reykjavik op"]
[Site "Reykjavik ISL"]
[Date "2023.04.02"]
[Round "7.22"]
[White "Stefansson, Vignir Vatnar"]
[Black "Large, Peter G"]
[WhiteElo "2461"]
[BlackElo "2227"]
[Result "1/2-1/2"]
[EventDate "2023.03.29"]
[PlyCount "54"]

1. d4 e6 2. c4 Nf6 3. g3 d5 4. Bg2 dxc4 5. Nf3 Nc6 6. Qa4 Bb4+ 7. Bd2 Nd5 8. Qb5
Bxd2+ 9. Nbxd2 c3 10. bxc3 Nxc3 11. Qd3 Nd5 12. O-O a5 13. Rfc1 O-O 14. a3 a4 15.
Rab1 Na5 16. Qc2 Bd7 17. Ne5 Be8 18. e3 f6 19. Nd3 Bg6 20. e4 Ne7 21. Nf4 Bf7 22.
Qc3 Ng6 23. Nd3 e5 24. d5 c6 25. Nb4 Ne7 26. Rd1 cxd5 27. exd5 Nf5  1/2-1/2

[Event "36th Reykjavik op"]
[Site "Reykjavik ISL"]
[Date "2023.04.02"]
[Round "7.23"]
[White "Panchanathan, Magesh Chandran"]
[Black "Melaa, Sondre"]
[WhiteElo "2460"]
[BlackElo "2243"]
[Result "1/2-1/2"]
[EventDate "2023.03.29"]
[PlyCount "81"]

1. Nf3 Nf6 2. g3 g6 3. b3 Bg7 4. Bb2 b6 5. Bg2 Bb7 6. O-O O-O 7. c4 c5 8. Nc3 d5
9. Nxd5 Nxd5 10. Bxg7 Kxg7 11. cxd5 Qxd5 12. d4 cxd4 13. Qxd4+ Qxd4 14. Nxd4 Bxg2
15. Kxg2 Na6 16. a3 Rfc8 17. b4 Nc7 18. f4 a6 19. Rfd1 Nd5 20. Nf5+ gxf5 21. Rxd5
Kf6 22. Rd7 b5 23. Kf2 a5 24. Rad1 axb4 25. axb4 Ra2 26. R7d5 Rc4 27. R1d4 Rxd4 28.
Rxd4 Rb2 29. Ke3 e6 30. Kd3 h5 31. Ke3 Ke7 32. Kf2 Kf6 33. Kf3 Ke7 34. h3 Rb3+ 35.
Kg2 Rb2 36. Kf2 Rb3 37. e4 fxe4 38. Rxe4 f5 39. Rd4 Kf6 40. h4 Ke7 41. Kg2  1/2-1/2

[Event "36th Reykjavik op"]
[Site "Reykjavik ISL"]
[Date "2023.04.02"]
[Round "7.24"]
[White "Dishman, Stephen"]
[Black "Willow, Jonah"]
[WhiteElo "2274"]
[BlackElo "2459"]
[Result "0-1"]
[EventDate "2023.03.29"]
[PlyCount "86"]

1. d4 Nf6 2. Nf3 d5 3. c4 e6 4. g3 Bb4+ 5. Bd2 Be7 6. Bg2 O-O 7. O-O dxc4 8. Qa4
a6 9. Qxc4 b5 10. Qc2 Bb7 11. Rc1 Bd6 12. a3 Nbd7 13. Ba5 Rc8 14. Nbd2 Qe8 15. b4
e5 16. e3 Ba8 17. Re1 h6 18. dxe5 Nxe5 19. Nxe5 Bxg2 20. Kxg2 Qxe5 21. f4 Qd5+ 22.
e4 Qa8 23. Nf3 Be7 24. e5 Nd5 25. Qe4 f5 26. Qd3 Rcd8 27. Qb3 Kh7 28. Rad1 g5 29.
fxg5 hxg5 30. Kg1 Qa7+ 31. Kh1 Qb7 32. Kg1 f4 33. Qd3+ Kh6 34. Qe4 Qa7+ 35. Kh1 fxg3
36. hxg3 Kg7 37. Rxd5 Rxd5 38. Qxd5 Qf2 39. e6 Rh8+ 40. Nh4 Qxe1+ 41. Kg2 Qe2+ 42.
Kg1 gxh4 43. Qd4+ Kg8  0-1

[Event "36th Reykjavik op"]
[Site "Reykjavik ISL"]
[Date "2023.04.02"]
[Round "7.25"]
[White "Rakotomaharo, Fy Antenaina"]
[Black "Andrews, Todd"]
[WhiteElo "2448"]
[BlackElo "2217"]
[Result "1-0"]
[EventDate "2023.03.29"]
[PlyCount "109"]

1. d4 Nf6 2. Nf3 g6 3. Bg5 Bg7 4. c3 b6 5. Nbd2 Bb7 6. Qc2 d6 7. e4 h6 8. Be3 Nfd7
9. Bc4 a6 10. a4 e5 11. dxe5 dxe5 12. h4 Qe7 13. h5 g5 14. Nf1 Nc5 15. Ng3 Nbd7 16.
b4 Ne6 17. Nf5 Qf8 18. O-O-O O-O-O 19. Bd5 Bf6 20. Nh2 Ng7 21. Bxb7+ Kxb7 22. Ng4
Nxf5 23. exf5 Qe7 24. Qe4+ c6 25. Kc2 Bg7 26. a5 bxa5 27. bxa5 Rb8 28. f6 Bxf6 29.
Qf5 Rhd8 30. Rxd7+ Rxd7 31. Qxf6 Qxf6 32. Nxf6 Rd6 33. Ne4 Rd5 34. Bb6 Ra8 35. Nc5+
Kc8 36. g4 f6 37. Rh3 Rb8 38. Nxa6 Rb7 39. Nb4 Rd6 40. Bc5 Re6 41. c4 f5 42. a6 Rf7
43. a7 Kb7 44. Rb3 Re8 45. Nd3+ Ka8 46. Nxe5 Rxa7 47. Bxa7 Rxe5 48. Be3 fxg4 49.
Kd3 Rf5 50. Rb6 Rf6 51. c5 Re6 52. Bd4 Ka7 53. Rb2 Re7 54. Re2 Rf7 55. Re6  1-0